| 000 | 00000nas##2200000za#4500 |
| 001 | 9.512598 |
| 003 | CaOODSP |
| 005 | 20200325124915 |
| 007 | ta |
| 008 | 150406c2002||||xxc|| p #||||f| |0fre|d |
| 040 | |aCaOODSP|bfre |
| 043 | |an-cn--- |
| 086 | 1 |aA27-24F |
| 110 | 1 |aCanada. |bAgriculture et agroalimentaire Canada. |bDirection générale des politiques stratégiques. |
| 245 | 10|aCanada: perspectives des légumineuses et cultures spéciales / |cPublié par la Division de l'analyse du marché. |
| 260 | |aWinnipeg - Manitoba : |bAgriculture et Agroalimentaire Canada. |
| 310 | |aIrrégulier |
| 563 | |aDépliant |
| 691 | 07|aCultures|2gcpds |
| 691 | 07|aLégume|2gcpds |
| 691 | 07|aAnalyse de marché|2gcpds |
| 775 | 08|tCanada: pulse and special crops outlook / |w(CaOODSP)9.514168 |
| 776 | 0#|tCanada |w(CaOODSP)9.502115 |